Giáo trình lịch sử Việt Nam T.3 Từ thế kỉ XVI đến năm 1858

Tiến trình phát triển của lịch sử Việt Nam từ thế kỉ XVI đến năm 1858: Sự sụp đổ của nhà Lê Sơ và các cuộc chiến tranh phong kiến; tình hình chính trị Đàng Ngoài và Đàng Trong; những bước phát triển mới về kinh tế, tình hình văn hoá tư tưởng. Cuộc khủng hoảng của chế độ phong kiến và phong trào đấu...

Mô tả đầy đủ

Đã lưu trong:
Chi tiết về thư mục
Tác giả chính: Nguyễn Cảnh Minh
Tác giả khác: Đào Tố Uyên, Võ Xuân Đàn
Định dạng: Sách
Ngôn ngữ:Vietnamese
Được phát hành: H. Đại học Sư phạm 2008
Những chủ đề:
Các nhãn: Thêm thẻ
Không có thẻ, Là người đầu tiên thẻ bản ghi này!
Thư viện lưu trữ: Mạng thư viện Đại học Đà Nẵng
LEADER 01935aam a22003858a 4500
001 000009863
003 6061
005 20111103141155.0
008 111103s2008 viesd
020 |c 38000đ  |d 1000b 
041 0 |a vie 
082 1 4 |2 14  |a 959.7  |b NG-M 
100 1 |a Nguyễn Cảnh Minh 
245 1 0 |a Giáo trình lịch sử Việt Nam  |c Nguyễn Cảnh Minh (ch.b.), Đào Tố Uyên, Võ Xuân Đàn  |n T.3  |p Từ thế kỉ XVI đến năm 1858 
260 |a H.  |b Đại học Sư phạm  |c 2008 
300 |a 227tr.  |b hình vẽ, ảnh  |c 24cm 
504 |a Thư mục: tr. 224-228 
520 |a Tiến trình phát triển của lịch sử Việt Nam từ thế kỉ XVI đến năm 1858: Sự sụp đổ của nhà Lê Sơ và các cuộc chiến tranh phong kiến; tình hình chính trị Đàng Ngoài và Đàng Trong; những bước phát triển mới về kinh tế, tình hình văn hoá tư tưởng. Cuộc khủng hoảng của chế độ phong kiến và phong trào đấu tranh của nông dân.Tình hình kinh tế, chính trị và chính sách của nhà Nguyễn 
650 7 |2 Bộ TK TVQG  |a Lịch sử trung đại 
651 7 |2 Bộ TK TVQG  |a Việt Nam 
700 1 |a Đào Tố Uyên 
700 1 |a Võ Xuân Đàn 
773 |b In lần thứ 2  |d H.  |d 2010  |d Đại học Sư phạm  |t Giáo trình lịch sử Việt Nam  |w 453816 
773 |t Giáo trình lịch sử Việt Nam  |w 6058 
910 |a Nguyễn Thị Kim Oanh  |d 3/11/2011 
OWN |a LSP 
AVA |a UDN50  |b LSP  |d 959.7 NG-M  |e available  |t Error 5001 Not defined in file expand_doc_bib_avail.  |f 3  |g 0  |h N  |i 0  |k 1 
999 |a From the UDN01 
AVA |a UDN50  |b LSP  |d 959.7 NG-M  |e available  |t Error 5001 Not defined in file expand_doc_bib_avail.  |f 3  |g 0  |h N  |i 0  |k 1 
TYP |a Monograph 
TYP |a Printed language 
980 |a Mạng thư viện Đại học Đà Nẵng